000
00299nam a2200121Ia 4500
008
190216s9999||||xx |||||||||||||| ||und||
100
_a
Prasad Lm
245
0
_a
Principles And Practice Of Management
260
_b
New Central Book Agencies
_c
1979
300
_a
730
650
_a
Commerce
942
_c
BK
999
_c
5545
_d
5545